Informačná podpora elektronického podnikania vo vyspelých ekonomikách Európy a sveta
Rozmach elektronického podnikania po celom svete. Informačná podpora elektronického podnikania v Kanade. Detailnejší popis. Informačná podpora elektronického podnikania v Írsku. Informačná podpora na Slovensku - pre podporu elektronického podnikania u nás môžeme využiť poznatky vyspelých krajín.
Saved in:
| Main Author: | |
|---|---|
| Format: | Book Chapter |
| Language: | Slovak |
| Subjects: | |
| Tags: |
No Tags, Be the first to tag this record!
|
MARC
| LEADER | 00000naa$a2200000$$$4500 | ||
|---|---|---|---|
| 001 | 0047656 | ||
| 005 | 20240711093020.5 | ||
| 041 | 0 | |a slo | |
| 044 | |a SK | ||
| 245 | 1 | 0 | |a Informačná podpora elektronického podnikania vo vyspelých ekonomikách Európy a sveta |c Daniel Kastl |
| 520 | |a Rozmach elektronického podnikania po celom svete. Informačná podpora elektronického podnikania v Kanade. Detailnejší popis. Informačná podpora elektronického podnikania v Írsku. Informačná podpora na Slovensku - pre podporu elektronického podnikania u nás môžeme využiť poznatky vyspelých krajín. | ||
| 610 | 2 | 0 | |a podnikanie elektronické |
| 610 | 2 | 0 | |a obchod elektronický |
| 610 | 2 | 0 | |a informatizácia |
| 610 | 2 | 0 | |a systémy informačné |
| 610 | 2 | 0 | |a vláda |
| 610 | 2 | 0 | |a Slovensko |
| 610 | 2 | 0 | |a Írsko |
| 610 | 2 | 0 | |a Kanada |
| 100 | 1 | |a Kastl, Daniel | |